| 000 | 00628nam a22002297a 4500 | ||
|---|---|---|---|
| 003 | UA-OsUOA | ||
| 001 | 70472 | ||
| 007 | ta | ||
| 008 | 20100906b un ||||| |||| 00| 0 ukr d | ||
| 100 | _aПапоров Ю. | ||
| 090 |
_a821.161.1(73) _bП17 |
||
| 942 | _cBK | ||
| 040 |
_aUA-OsUOA _brus _cUA-OsUOA _dUA-OsUOA |
||
| 245 |
_aХемингуэй на Кубе _bочерки |
||
| 300 | _a575 с. | ||
| 955 | _a3 | ||
| 041 | _arus | ||
| 080 | _a821.161.1(73) | ||
| 260 |
_aМ. _bСоветский писатель _c1982 |
||
| 650 | 7 |
_a82 Література. Літературознавство _2UDC |
|
| 999 |
_c356743 _d356743 |
||